000 00320nam a2200121Ia 4500
008 230524s9999 xx 000 0 und d
100 _aVasant Desai
245 4 _aThe Dynamics of Entrepreneurial Development and Management
260 _bHimalaya
500 _aQuantity Number: 40
650 _aManagement
942 _cBK
999 _c49927
_d49927